000 00476nam a2200169Ia 4500
003 GCL
008 140319s9999 xx 000 0 eng d
040 _aGCL /
_cGCL
082 0 4 _a155.03
_bH D
100 1 _aHAMILTON, IAN STUART
245 1 0 _aDICTIONARY OF DEVELOPEMENT PSYCHOLOGY /
_cHAMILTON, IAN STUART
260 _a[S.N] :
_bJESSICA KINGSLEY PUBLISHERS ،
_c1996
300 _a168 P
650 0 4 _aDICTIONARIES
650 0 4 _aDEVELOPMENTAL PSYCHOLOGY
942 _2ddc
_cBK
999 _c13175
_d13175